The evolution of development policy : (Record no. 350125)

000 -LEADER
fixed length control field 01318cam a22003134a 4500
001 - CONTROL NUMBER
control field 16150123
003 - CONTROL NUMBER IDENTIFIER
control field OSt
005 - DATE AND TIME OF LATEST TRANSACTION
control field 20180117090004.0
008 - FIXED-LENGTH DATA ELEMENTS--GENERAL INFORMATION
fixed length control field 100324s2010 pk b 001 0 eng
010 ## - LIBRARY OF CONGRESS CONTROL NUMBER
LC control number 2010341610
020 ## - INTERNATIONAL STANDARD BOOK NUMBER
International Standard Book Number 9780195477733
025 ## - OVERSEAS ACQUISITION NUMBER
Overseas acquisition number P-E-2010341610; 20
040 ## - CATALOGING SOURCE
Original cataloging agency DLC
Transcribing agency DLC
042 ## - AUTHENTICATION CODE
Authentication code lcode
050 00 - LIBRARY OF CONGRESS CALL NUMBER
Classification number HD87
Item number .N384 2010
100 1# - MAIN ENTRY--PERSONAL NAME
Personal name Naqvi, Syed Nawab Haider.
245 14 - TITLE STATEMENT
Title The evolution of development policy :
Remainder of title a reinterpretation /
Statement of responsibility, etc. Syed Nawab Haider Naqvi.
260 ## - PUBLICATION, DISTRIBUTION, ETC.
Place of publication, distribution, etc. Karachi :
Name of publisher, distributor, etc. Oxford University Press,
Date of publication, distribution, etc. 2010.
300 ## - PHYSICAL DESCRIPTION
Extent xxvi, 442 p. ;
Dimensions 24 cm.
504 ## - BIBLIOGRAPHY, ETC. NOTE
Bibliography, etc. note Includes bibliographical references (p. [405]-427) and index.
650 #0 - SUBJECT ADDED ENTRY--TOPICAL TERM
Topical term or geographic name entry element Economic policy.
650 #0 - SUBJECT ADDED ENTRY--TOPICAL TERM
Topical term or geographic name entry element Development economics.
906 ## - LOCAL DATA ELEMENT F, LDF (RLIN)
a 7
b cbc
c origode
d 3
e ncip
f 20
g y-gencatlg
942 ## - ADDED ENTRY ELEMENTS (KOHA)
Source of classification or shelving scheme
Koha item type Book
Holdings
Withdrawn status Lost status Source of classification or shelving scheme Damaged status Not for loan Collection code Permanent Location Current Location Shelving location Date acquired Total Checkouts Full call number Barcode Date last seen Date last checked out Price effective from Koha item type
            Central Library (CL) Central Library (CL) General Stacks 08/12/2015 1 330.9091724 NAQ 2010 NBS8367 11/22/2017 07/24/2017 08/12/2015 Book
© 2023 Central Library, National University of Sciences and Technology. All Rights Reserved.